| 000 | 00705nas a2200217 4500 | ||
|---|---|---|---|
| 001 | BR7901770 | ||
| 003 | BR-BrBNA | ||
| 005 | 20231205083654.0 | ||
| 007 | ta | ||
| 008 | 230509b bl.|||p| |||| 00| 00por d | ||
| 040 |
_aBR-BrBNA _bpor _cBiblioteca Nacional de Agricultura |
||
| 041 | _a(Pt) | ||
| 072 | _aH10 | ||
| 100 | 1 | _aBastos, J.A.M. | |
| 245 | 1 | _aMetodo para obtencao do manhoso, Chalcodermus bimaculatus Fiedler (Col.: cuiculionidae)no ultimo instar larval [feijao de corda] | |
| 650 | _aFEIJAO DE CORDA | ||
| 650 | _aMANHOSO | ||
| 773 | 0 |
_tFitossanidade (Brazil) _xISSN 0100-4204 _g(Nov 1978), v. 2(3) p. 86-87 _wBR7901770 |
|
| 909 |
_a202311 _bLúcia _c55 _dLúcia Elande |
||
| 942 |
_2AGRIS _n0 _cANA |
||
| 999 |
_c100470 _d100470 |
||